Statistics for Pokedex in Order (Generations 1-4)

Click here to take the quiz!

General Stats

  • This quiz has been taken 17 times
  • The average score is 370 of 493

Answer Stats

HintAnswer% Correct
WaterBlastoise
100%
Grass/PoisonBulbasaur
100%
Bug/FlyingButterfree
100%
BugCaterpie
100%
FireCharizard
100%
FireCharmander
100%
FireCharmeleon
100%
Grass PoisonIvysaur
100%
BugMetapod
100%
WaterSquirtle
100%
Grass/PoisonVenusaur
100%
WaterWartortle
100%
PsychicAbra
90%
Rock/FlyingAerodactyl
90%
PsychicAlakazam
90%
PoisonArbok
90%
Ice/FlyingArticuno
90%
Bug/PoisonBeedrill
90%
Fire/FightingBlaziken
90%
GrassChikorita
90%
FireCyndaquil
90%
Dragon/FlyingDragonite
90%
DragonDratini
90%
PoisonEkans
90%
Normal/FlyingFearow
90%
Ghost/PoisonGastly
90%
Ghost/PoisonGengar
90%
Rock/GroundGeodude
90%
Rock/GroundGolem
90%
Rock/GroundGraveler
90%
Water/FlyingGyarados
90%
Ghost/PoisonHaunter
90%
PsychicHypno
90%
Ice/PsychicJynx
90%
PsychicKadabra
90%
Water/ElectricLanturn
90%
Water/IceLapras
90%
WaterMagikarp
90%
Electric/SteelMagnemite
90%
Electric/SteelMagneton
90%
FightingMankey
90%
PsychicMew
90%
PsychicMewtwo
90%
Fire/FlyingMoltres
90%
Poison/GroundNidoking
90%
Poison/GroundNidoqueen
90%
PoisonNidoran
90%
PoisonNidoran
90%
PoisonNidorina
90%
PoisonNidorino
90%
Normal/FlyingPidgeot
90%
Normal/FlyingPidgeotto
90%
Normal/FlyingPidgey
90%
ElectricPikachu
90%
FirePonyta
90%
FightingPrimeape
90%
ElectricRaichu
90%
FireRapidash
90%
NormalRaticate
90%
NormalRattata
90%
Water/PsychicSlowbro
90%
Water/PsychicSlowpoke
90%
Normal/FlyingSpearow
90%
Water/GroundSwampert
90%
GrassTangela
90%
FireTorchic
90%
GrassTreecko
90%
FireTyphlosion
90%
Electric/FlyingZapdos
90%
NormalZigzagoon
90%
ElectricAmpharos
80%
FireArcanine
80%
Bug/PoisonAriados
80%
Water/FairyAzumarill
80%
GrassBayleef
80%
Bug/FlyingBeautifly
80%
GrassBellossom
80%
Grass/PoisonBellsprout
80%
NormalBlissey
80%
Grass/FightingBreloom
80%
BugCascoon
80%
Psychic/GrassCelebi
80%
NormalChansey
80%
Water/ElectricChinchou
80%
FairyClefable
80%
FairyClefairy
80%
FairyCleffa
80%
Water/IceCloyster
80%
Fire/FightingCombusken
80%
Poison/FlyingCrobat
80%
WaterCroconaw
80%
GroundCubone
80%
Ice/FlyingDelibird
80%
Water/IceDewgong
80%
GroundDiglett
80%
Normal/FlyingDodrio
80%
Normal/FlyingDoduo
80%
DragonDragonair
80%
PsychicDrowzee
80%
GroundDugtrio
80%
Bug/PoisonDustox
80%
NormalEevee
80%
ElectricElectabuzz
80%
ElectricElectrode
80%
ElectricElekid
80%
FireEntei
80%
PsychicEspeon
80%
Grass/PsychicExeggcute
80%
Grass/PsychicExeggutor
80%
Normal/FlyingFarfetch'd
80%
WaterFeraligatr
80%
ElectricFlaaffy
80%
FireFlareon
80%
Bug/SteelForretress
80%
NormalFurret
80%
Psychic/FairyGardevoir
80%
Normal/PsychicGirafarig
80%
Ground/FlyingGligar
80%
Grass/PoisonGloom
80%
Posion/FlyingGolbat
80%
WaterGoldeen
80%
WaterGolduck
80%
FairyGranbull
80%
PoisonGrimer
80%
GrassGrovyle
80%
FireGrowlithe
80%
Bug/FightingHeracross
80%
FightingHitmonchan
80%
FightingHitmonlee
80%
FightingHitmontop
80%
Fire/FlyingHo-Oh
80%
Normal/FlyingHoothoot
80%
Grass/FlyingHoppip
80%
WaterHorsea
80%
Dark/FireHoundoom
80%
Dark/FireHoundour
80%
Normal/FairyIgglybuff
80%
Normal/FairyJigglypuff
80%
ElectricJolteon
80%
Grass/FlyingJumpluff
80%
Rock/WaterKabuto
80%
Rock/WaterKabutops
80%
Bug/PoisonKakuna
80%
NormalKangaskhan
80%
Water/DragonKingdra
80%
WaterKingler
80%
Psychic/FairyKirlia
80%
PoisonKoffing
80%
WaterKrabby
80%
Rock/GroundLarvitar
80%
Bug/FlyingLedian
80%
Bug/FlyingLedyba
80%
NormalLickitung
80%
NormalLinoone
80%
Water/GrassLombre
80%
Water/GrassLotad
80%
Water/GrassLudicolo
80%
Psychic/FlyingLugia
80%
FightingMachamp
80%
FightingMachoke
80%
FightingMachop
80%
FireMagby
80%
Fire/RockMagcargo
80%
FireMagmar
80%
ElectricMareep
80%
Water/FairyMarill
80%
GroundMarowak
80%
Water/GroundMarshtomp
80%
Bug/FlyingMasquerain
80%
GrassMeganium
80%
NormalMeowth
80%
DarkMightyena
80%
NormalMiltank
80%
GhostMisdreavus
80%
Psychic/FairyMr. Mime
80%
WaterMudkip
80%
PoisonMuk
80%
Dark/FlyingMurkrow
80%
Psychic/FlyingNatu
80%
FireNinetales
80%
Normal/FlyingNoctowl
80%
Grass/DarkNuzleaf
80%
WaterOctillery
80%
Grass/PoisonOddish
80%
Rock/WaterOmanyte
80%
Rock/WaterOmastar
80%
Rock/GroundOnix
80%
Bug/GrassParas
80%
Bug/GrassParasect
80%
Water/FlyingPelipper
80%
NormalPersian
80%
ElectricPichu
80%
Ice/GroundPiloswine
80%
BugPineco
80%
BugPinsir
80%
WaterPolitoed
80%
WaterPoliwag
80%
WaterPoliwhirl
80%
Water/FightingPoliwrath
80%
DarkPoochyena
80%
NormalPorygon
80%
NormalPorygon2
80%
WaterPsyduck
80%
Rock/GroundPupitar
80%
Water/GroundQuagsire
80%
FireQuilava
80%
Water/PoisonQwilfish
80%
ElectricRaikou
80%
Psychic/FairyRalts
80%
WaterRemoraid
80%
GroundSandshrew
80%
GroundSandslash
80%
GrassSceptile
80%
Bug/SteelScizor
80%
Bug/FlyingScyther
80%
WaterSeadra
80%
WaterSeaking
80%
GrassSeedot
80%
WaterSeel
80%
NormalSentret
80%
WaterShellder
80%
Grass/DarkShiftry
80%
GrassShroomish
80%
Bug/RockShuckle
80%
BugSilcoon
80%
Steel/FlyingSkarmory
80%
Grass/FlyingSkiploom
80%
Water/PsychicSlowking
80%
FireSlugma
80%
NormalSmeargle
80%
Ice/PsychicSmoochum
80%
Dark/IceSneasel
80%
NormalSnorlax
80%
FairySnubbull
80%
Bug/PoisonSpinarak
80%
Water/PsychicStarmie
80%
WaterStaryu
80%
Steel/GroundSteelix
80%
RockSudowoodo
80%
WaterSuicune
80%
GrassSunflora
80%
GrassSunkern
80%
Bug/WaterSurskit
80%
Normal/FlyingSwellow
80%
Ice/GroundSwinub
80%
Normal/FlyingTaillow
80%
NormalTauros
80%
Water/PoisonTentacool
80%
Water/PoisonTentacruel
80%
FairyTogepi
80%
Fairy/FlyingTogetic
80%
WaterTotodile
80%
Rock/DarkTyranitar
80%
FightingTyrogue
80%
DarkUmbreon
80%
PsychicUnown
80%
WaterVaporeon
80%
Bug/PoisonVenomoth
80%
Bug/PoisonVenonat
80%
Grass/PoisonVictreebel
80%
Grass/PoisonVileplume
80%
ElectricVoltorb
80%
FireVulpix
80%
Bug/PoisonWeedle
80%
Grass/PoisonWeepinbell
80%
PoisonWeezing
80%
Normal/FairyWigglytuff
80%
Water/FlyingWingull
80%
PsychicWobbuffet
80%
Water/GroundWooper
80%
BugWurmple
80%
Psychic/FlyingXatu
80%
Bug/FlyingYanma
80%
Poison/FlyingZubat
80%
DarkAbsol
70%
Steel/RockAggron
70%
NormalAipom
70%
Dragon/FlyingAltaria
70%
Rock/BugAnorith
70%
NormalArceus
70%
Rock/BugArmaldo
70%
Steel/RockAron
70%
DragonBagon
70%
Ground/PsychicBaltoy
70%
GhostBanette
70%
Water/GroundBarboach
70%
Rock/SteelBastiodon
70%
Steel/PsychicBeldum
70%
Normal/WaterBibarel
70%
NormalBidoof
70%
Grass/PoisonBudew
70%
Bug/VariesBurmy
70%
GrassCacnea
70%
Grass/DarkCacturne
70%
Fire/GroundCamerupt
70%
Water/DarkCarvanha
70%
FireChimchar
70%
WaterClamperl
70%
Ground/PsychicClaydol
70%
WaterCorphish
70%
Water/RockCorsola
70%
Rock/GrassCradily
70%
RockCranidos
70%
Water/DarkCrawdaunt
70%
PsychicCresselia
70%
DarkDarkrai
70%
NormalDelcatty
70%
PsychicDeoxys
70%
Steel/DragonDialga
70%
NormalDitto
70%
GroundDonphan
70%
NormalDunsparce
70%
GhostDusclops
70%
GhostDuskull
70%
ElectricElectrike
70%
Water/SteelEmpoleon
70%
NormalExploud
70%
Ground/DragonFlygon
70%
Dragon/GroundGarchomp
70%
Dragon/GroundGible
70%
Ghost/DragonGiratina
70%
IceGlalie
70%
WaterGorebyss
70%
GrassGrotle
70%
GroundGroudon
70%
PsychicGrumpig
70%
PoisonGulpin
70%
FightingHariyama
70%
WaterHuntail
70%
BugIllumise
70%
Fire/FightingInfernape
70%
Steel/PsychicJirachi
70%
BugKricketot
70%
BugKricketune
70%
WaterKyogre
70%
Steel/RockLairon
70%
Dragon/PsychicLatias
70%
Dragon/PsychicLatios
70%
Rock/GrassLileep
70%
NormalLoudred
70%
Rock/PsychicLunatone
70%
WaterLuvdisc
70%
ElectricLuxio
70%
ElectricLuxray
70%
FightingMakuhita
70%
ElectricManectric
70%
Water/FlyingMantine
70%
Steel/FairyMawile
70%
Fighting/PsychicMedicham
70%
Fighting/PsychicMeditite
70%
Steel/PsychicMetagross
70%
Steel/PsychicMetang
70%
ElectricMinun
70%
Fire/FightingMonferno
70%
Bug/FlyingMothim
70%
Bug/GroundNincada
70%
Bug/FlyingNinjask
70%
RockNosepass
70%
Fire/GroundNumel
70%
Water/DragonPalkia
70%
GroundPhanpy
70%
WaterPiplup
70%
ElectricPlusle
70%
WaterPrinplup
70%
RockRampardos
70%
Dragon/FlyingRayquaza
70%
IceRegice
70%
RockRegirock
70%
SteelRegisteel
70%
Water/RockRelicanth
70%
Ground/RockRhydon
70%
Ground/RockRhyhorn
70%
Grass/PoisonRoselia
70%
Grass/PoisonRoserade
70%
Dark/GhostSableye
70%
Dragon/FlyingSalamence
70%
Ice/WaterSealeo
70%
Water/DarkSharpedo
70%
GrassShaymin
70%
Bug/GhostShedinja
70%
DragonShelgon
70%
Rock/SteelShieldon
70%
ElectricShinx
70%
GhostShuppet
70%
NormalSkitty
70%
NormalSlaking
70%
NormalSlakoth
70%
IceSnorunt
70%
Rock/PsychicSolrock
70%
Ice/WaterSpheal
70%
NormalSpinda
70%
PsychicSpoink
70%
NormalStantler
70%
Normal/FlyingStaraptor
70%
Normal/FlyingStaravia
70%
Normal/FlyingStarly
70%
Normal/FlyingSwablu
70%
PoisonSwalot
70%
NormalTeddiursa
70%
FireTorkoal
70%
Grass/GroundTorterra
70%
GroundTrapinch
70%
Grass/FlyingTropius
70%
GrassTurtwig
70%
NormalUrsaring
70%
Ground/DragonVibrava
70%
NormalVigoroth
70%
BugVolbeat
70%
Ice/WaterWalrein
70%
Water/GoundWhiscash
70%
NormalWhismur
70%
Grass/IceAbomasnow
60%
Steel/PsychicBronzong
60%
Steel/PsychicBronzor
60%
WaterBuizel
60%
GrassCarnivine
60%
GrassCherrim
60%
GrassCherubi
60%
PsychicChimecho
60%
Bug/FlyingCombee
60%
Poison/FightingCroagunk
60%
Poison/DarkDrapion
60%
Ghost/FlyingDrifblim
60%
Ghost/FlyingDrifloon
60%
GhostDusknoir
60%
ElectricElectivire
60%
WaterFeebas
60%
WaterFinneon
60%
WaterFloatzel
60%
Ice/GhostFroslass
60%
Dragon/GroundGabite
60%
Psychic/FightingGallade
60%
Water/GroundGastrodon
60%
IceGlaceon
60%
NormalGlameow
60%
Ground/FlyingGliscor
60%
Fire/SteelHeatran
60%
GroundHippopotas
60%
GroundHippowdon
60%
Dark/FlyingHonchkrow
60%
NormalKecleon
60%
GrassLeafeon
60%
Fighting/SteelLucario
60%
WaterLumineon
60%
FireMagmortar
60%
Electric/SteelMagnezone
60%
Ice/GroundMamoswine
60%
WaterManaphy
60%
WaterMilotic
60%
Psychic/FairyMime Jr.
60%
ElectircPachirisu
60%
WaterPhione
60%
NormalPorygon-Z
60%
NormalPurugly
60%
FightingRiolu
60%
Electric/GhostRotom
60%
PoisonSeviper
60%
WaterShellos
60%
Poison/BugSkorupi
60%
Poison/DarkSkuntank
60%
Grass/IceSnover
60%
Ghost/DarkSpiritomb
60%
Poison/DarkStunky
60%
GrassTangrowth
60%
Fairy/FlyingTogekiss
60%
Poison/FightingToxicroak
60%
Bug/FlyingVespiquen
60%
WaterWailmer
60%
WaterWailord
60%
Dark/IceWeavile
60%
Bug/GrassWormadam
60%
PsychicWynaut
60%
NormalZangoose
60%
PsychicAzelf
50%
Normal/FairyAzurill
50%
RockBonsly
50%
NormalBuneary
50%
NormalCastform
50%
Normal/FlyingChatot
50%
NormalHappiny
50%
NormalLickilicky
50%
NormalLopunny
50%
Water/FlyingMantyke
50%
PsychicMesprit
50%
GhostMismagius
50%
NormalMunchlax
50%
NormalRegigigas
50%
Ground/RockRhyperior
50%
PsychicUxie
50%
Bug/FlyingYanmega
50%
NormalAmbipom
40%
PsychicChingling
40%
Rock/SteelProbopass
40%

Score Distribution

Percentile by Number Answered

Percent of People with Each Score

Your Score History

You have not taken this quiz